Principles of Corporate Finance (Record no. 1609)

MARC details
000 -LEADER
fixed length control field 00457nam a22001817a 4500
005 - DATE AND TIME OF LATEST TRANSACTION
control field 20180710104520.0
008 - FIXED-LENGTH DATA ELEMENTS--GENERAL INFORMATION
fixed length control field 160524b xxu||||| |||| 00| 0 eng d
020 ## - INTERNATIONAL STANDARD BOOK NUMBER
ISBN 81-203-1274-0
041 ## - LANGUAGE CODE
Language code of text/sound track or separate title eng
082 ## - DEWEY DECIMAL CLASSIFICATION NUMBER
Item number 4749
Classification number 658.15
100 ## - MAIN ENTRY--AUTHOR NAME
Personal name Brealey, richard A & Others
245 ## - TITLE STATEMENT
Title Principles of Corporate Finance
250 ## - EDITION STATEMENT
Edition statement 8th ed.
260 ## - PUBLICATION, DISTRIBUTION, ETC. (IMPRINT)
Place of publication New Delhi
Name of publisher Academic Faundation
300 ## - PHYSICAL DESCRIPTION
Number of Pages 999p,
650 ## - SUBJECT ADDED ENTRY--TOPICAL TERM
Topical Term Management
942 ## - ADDED ENTRY ELEMENTS (KOHA)
Koha item type Books
Holdings
Lost status Damaged status Collection code Home library Current library Shelving location Date acquired Full call number Accession Number Koha item type
    Reference JRU Library   SHELF-30-B 24/05/2016 658.15 4749 Books
    MANAGEMENT JRU Library JRU Library SHELF -72 - J 24/05/2016 658.15 4750 Books